| 000 | 00370nam a2200133Ia 4500 | ||
|---|---|---|---|
| 005 | 20260328104321.0 | ||
| 008 | 260328s9999||||xx |||||||||||||| ||und|| | ||
| 100 | _aBrades, Susan Ferleger | ||
| 245 | 0 |
_aLe Corbusier Architect the Century / _cSusan Ferleger Brades |
|
| 260 | _bArts Council of Great Britain | ||
| 300 | _a368 p. | ||
| 650 | _aLe Corbusier | ||
| 942 | _cBK | ||
| 999 |
_c11356 _d11356 |
||